[Event "GER-ch U10"]
[Site "Willingen"]
[Date "2023.06.03"]
[Round "11"]
[White "Khanbekyan, Aram"]
[Black "Franke, Moritz"]
[Result "1-0"]
[WhiteElo "1328"]
[BlackElo "1141"]
[PlyCount "119"]
[EventDate "2023.05.27"]
[EventType "swiss"]
[EventRounds "11"]
[EventCountry "GER"]
[SourceTitle "CBM 214 Extra"]
[Source "ChessBase"]
[SourceDate "2023.07.31"]
[SourceVersion "1"]
[SourceVersionDate "2023.07.31"]
[SourceQuality "1"]

1. e4 c5 2. Nf3 Nc6 3. d4 cxd4 4. Nxd4 g6 5. Nc3 Bg7 6. Be3 Nf6 7. Bc4 Qa5 8. f3 Qb4 9. Qd3 Ne5 10. Bxf7+ Kxf7 11. Qb5 Qxb5 12. Ndxb5 Nc4 13. Bf2 b6 14. 0-0 Nxb2 15. e5 Ne8 16. f4 Ba6 17. Bh4 Bxb5 18. Nxb5 d6 19. Rae1 Bf8 20. e6+ Kg8 21. f5 a6 22. Nd4 Bg7 23. Nc6 Bf6 24. Nxe7+ Bxe7 25. Bxe7 gxf5 26. Rxf5 Ra7 27. Rg5+ Ng7 28. Bf6 Nc4 29. e7 Kf7 30. Rf1 Rxe7 31. Bxe7+ Kxe7 32. Rxg7+ Ke6 33. Rff7 Ne5 34. Re7+ Kf6 35. Rxh7 Rxh7 36. Rxh7 Kg6 37. Ra7 a5 38. h4 d5 39. Kf2 Ng4+ 40. Kg3 Ne3 41. Ra6 Nc4 42. Kg4 Ne3+ 43. Kf3 Nc4 44. g4 Nd2+ 45. Ke3 Nc4+ 46. Kd4 Na3 47. h5+ Kh6 48. Rxb6+ Kg5 49. h6 Nc4 50. Ra6 Ne5 51. Kxe5 d4 52. h7 d3 53. cxd3 a4 54. h8Q a3 55. Qg8+ Kh4 56. Rh6+ Kg3 57. Qf8 Kg2 58. Qf4 Kg1 59. Qd2 Kf1 60. Rh1# 1-0